000 00712nam a2200241Ia 4500
003 OSt
005 20251106112713.0
008 210210b2008 xxu||||| |||| 00| 0 eng d
020 _a8177132229
040 _cAL
041 _aKannada
082 _a305.895487K KANS
100 _aKANNADA PUSTAKA PRADHIKARA
_dಕನ್ನಡ ಪುಸ್ತಕ ಪ್ರಾಧಿಕಾರ
_9244221
245 _aSudugadu siddha
_b ಸುಡುಗಾಡು ಸಿದ್ಧ
260 _aBengaluru
_bKannada Pustaka Pradhikara
_c2008
300 _axxx,135
650 _aSudugadu
_9244222
650 _asiddha
_9244223
650 _aPardhi
_9244224
690 _aSocial Groups
_9244225
906 _a064394
942 _2ddc
_cBK
999 _c116421
_d116421